BASIC IMMUNOLOGY: FUNCTION AND DISORDERS OF THE IMMUNE SYSTEM [7TH ED.] (Record no. 8801)

MARC details
000 -LEADER
fixed length control field 00538nam a22001817a 4500
005 - DATE AND TIME OF LATEST TRANSACTION
control field 20251204170042.0
008 - FIXED-LENGTH DATA ELEMENTS--GENERAL INFORMATION
fixed length control field 250909b |||||||| |||| 00| 0 eng d
020 ## - INTERNATIONAL STANDARD BOOK NUMBER
ISBN 978-81-312-7090-5
041 ## - LANGUAGE CODE
Language code of text/sound track or separate title eng
082 ## - DEWEY DECIMAL CLASSIFICATION NUMBER
Classification number 616.079 ABB-B
100 ## - MAIN ENTRY--AUTHOR NAME
Personal name ABBAS , ABUL K. AND LICHTMAN, ANDREW H AND PILLAI SHIV
245 ## - TITLE STATEMENT
Title BASIC IMMUNOLOGY: FUNCTION AND DISORDERS OF THE IMMUNE SYSTEM [7TH ED.]
250 ## - EDITION STATEMENT
Edition statement 7TH ED.
260 ## - PUBLICATION, DISTRIBUTION, ETC. (IMPRINT)
Place of publication GURGAON
Name of publisher ELSEVIER
Year of publication 2024
300 ## - PHYSICAL DESCRIPTION
Number of Pages 345;P
650 ## - SUBJECT ADDED ENTRY--TOPICAL TERM
Topical Term PARAMEDICAL
General subdivision BMIRT/BMLT
942 ## - ADDED ENTRY ELEMENTS (KOHA)
Koha item type Books
Holdings
Lost status Damaged status Collection code Home library Current library Shelving location Date acquired Source of acquisition Cost, normal purchase price Full call number Accession Number Koha item type Serial Enumeration / chronology
    PARAMEDICAL JRU Library JRU Library Reference Section 09/09/2025 PURCHASE 1500.00 616.079 28782 Books  
    PARAMEDICAL JRU Library JRU Library SHELF-105-E 09/09/2025 PURCHASE 1500.00 616.079 28783 Books  
    PARAMEDICAL JRU Library JRU Library SHELF-105-E 09/09/2025 PURCHASE 1500.00 616.079 28784 Books  
    PARAMEDICAL JRU Library JRU Library SHELF-105-E 09/09/2025 PURCHASE 1500.00 616.079 28785 Books  
    PARAMEDICAL JRU Library JRU Library SHELF-105-E 09/09/2025 PURCHASE 1500.00 616.079 28786 Books  
    PARAMEDICAL JRU Library JRU Library SHELF-105-E 01/12/2025 PURCHASE 1995.00 616.079 ABB-B 29247 Books LBI-000811/28-11-2025
    PARAMEDICAL JRU Library JRU Library SHELF-105-E 01/12/2025 PURCHASE 1995.00 616.079 ABB-B 29248 Books LBI-000811/28-11-2025
    PARAMEDICAL JRU Library JRU Library SHELF-105-E 01/12/2025 PURCHASE 1995.00 616.079 ABB-B 29249 Books LBI-000811/28-11-2025